000 00312nam a22001337a 4500
003 MPLRDC
005 20220104185245.0
008 210129b ||||| |||| 00| 0 eng d
082 _aDISC
100 _a藤井树
245 _a流浪的终点--1 DISC
_c
650 _a短篇小说--别集
942 _cCDA
_oDISC
999 _c63251
_d63241